Fundamentals of physics II (Record no. 489)

MARC details
000 -LEADER
fixed length control field 00667nam a22002177a 4500
005 - DATE AND TIME OF LATEST TRANSACTION
control field 20250420134812.0
008 - FIXED-LENGTH DATA ELEMENTS--GENERAL INFORMATION
fixed length control field 200726b ||||| |||| 00| 0 eng d
020 ## - INTERNATIONAL STANDARD BOOK NUMBER
International Standard Book Number 9780300212365
040 ## - CATALOGING SOURCE
Transcribing agency KCST
082 ## - DEWEY DECIMAL CLASSIFICATION NUMBER
Classification number 530
Item number Sh Fu
100 ## - MAIN ENTRY--PERSONAL NAME
Personal name Shankar, Ramamurti
9 (RLIN) 4681
245 ## - TITLE STATEMENT
Title Fundamentals of physics II
Remainder of title electromagnetism, optics, and quantum mechanics /
Statement of responsibility, etc. Ramamurti Shankar
260 ## - PUBLICATION, DISTRIBUTION, ETC.
Place of publication, distribution, etc. New Haven:
Name of publisher, distributor, etc. Yale University Press:
Date of publication, distribution, etc. 2016.
300 ## - PHYSICAL DESCRIPTION
Extent 592 p.
440 ## - SERIES STATEMENT/ADDED ENTRY--TITLE
Title Open Yale courses series.
9 (RLIN) 4682
650 ## - SUBJECT ADDED ENTRY--TOPICAL TERM
Topical term or geographic name entry element Physics
General subdivision Textbooks.
9 (RLIN) 4683
650 ## - SUBJECT ADDED ENTRY--TOPICAL TERM
Topical term or geographic name entry element Electromagnetism
General subdivision Textbooks.
9 (RLIN) 4684
650 ## - SUBJECT ADDED ENTRY--TOPICAL TERM
Topical term or geographic name entry element Optics
General subdivision Textbooks.
9 (RLIN) 4685
942 ## - ADDED ENTRY ELEMENTS (KOHA)
Koha item type Book
942 ## - ADDED ENTRY ELEMENTS (KOHA)
Source of classification or shelving scheme Dewey Decimal Classification
Holdings
Withdrawn status Lost status Source of classification or shelving scheme Damaged status Not for loan Home library Current library Date acquired Cost, normal purchase price Total checkouts Full call number Barcode Date last seen Price effective from Koha item type
    Dewey Decimal Classification     KCST Library KCST Library 26/07/2020 6.82   530 Sh Fu 1000000619 26/07/2020 26/07/2020 Book
© 2025 KCST. All rights reserved